[Event "Montagne Rapid op 3rd"]
[Site "Montagne"]
[Date "2022.08.28"]
[Round "1"]
[White "Moussard, Jules"]
[Black "Bordas, Laurent"]
[Result "1-0"]
[WhiteElo "2670"]
[BlackElo "1415"]
[PlyCount "41"]
[EventDate "2022.08.28"]
[EventType "swiss (rapid)"]
[EventRounds "9"]
[EventCountry "FRA"]
[SourceTitle "CBM 210 Extra"]
[Source "ChessBase"]
[SourceDate "2022.11.30"]
[SourceVersion "1"]
[SourceVersionDate "2022.11.30"]
[SourceQuality "1"]

1. c4 e5 2. d3 Nf6 3. Nf3 Nc6 4. Nc3 Nb8 5. g3 Be7 6. Bg2 0-0 7. Kf1 Nc6 8. Ke1 d5 9. cxd5 Nxd5 10. Bd2 Qd7 11. a3 a6 12. Rc1 h6 13. Na4 f5 14. Rxc6 bxc6 15. Nxe5 Qe8 16. Qc2 Bd7 17. d4 Bf6 18. Nxd7 Qxd7 19. e3 Rfe8 20. Qxc6 Qxc6 21. Bxd5+ 1-0

[Event "Naujac op 17th"]
[Site "Naujac"]
[Date "2014.07.04"]
[Round "7"]
[White "Herry, Serwan"]
[Black "Bordas, Laurent"]
[Result "1-0"]
[WhiteElo "1938"]
[BlackElo "1542"]
[PlyCount "59"]
[EventDate "2014.06.29"]
[EventType "swiss"]
[EventRounds "9"]
[EventCountry "FRA"]
[SourceTitle "CBM 161 Extra"]
[Source "ChessBase"]
[SourceDate "2014.08.29"]
[SourceVersion "1"]
[SourceVersionDate "2014.08.29"]
[SourceQuality "1"]

1. d4 d5 2. c4 e6 3. Nf3 Nf6 4. Nc3 Bb4 5. Bg5 0-0 6. e3 Nbd7 7. cxd5 exd5 8. Bd3 h6 9. Bxf6 Nxf6 10. 0-0 Re8 11. Qc2 Be6 12. Rac1 a6 13. a3 Bxc3 14. Qxc3 Rc8 15. Nd2 Nh5 16. Rc2 Qd7 17. Nb3 b5 18. Nc5 Qc6 19. Qa5 Ra8 20. Nxe6 Qxe6 21. Rxc7 Nf6 22. Rfc1 Qg4 23. h3 Qg5 24. Qd2 Ne4 25. Bxe4 Rxe4 26. Rc8+ Rxc8 27. Rxc8+ Kh7 28. Qc2 g6 29. Qc7 Kg7 30. Qd8 1-0

[Event "Bordeaux"]
[Site "Bordeaux"]
[Date "2013.10.30"]
[Round "7"]
[White "Bordas, Laurent"]
[Black "Sebille, Alain"]
[Result "0-1"]
[WhiteElo "1556"]
[BlackElo "1880"]
[PlyCount "50"]
[EventDate "2013.10.26"]
[EventType "tourn"]
[EventRounds "9"]
[EventCountry "FRA"]
[SourceTitle "EXT 2015"]
[Source "ChessBase"]
[SourceDate "2014.11.20"]
[SourceVersion "1"]
[SourceVersionDate "2014.11.20"]
[SourceQuality "1"]

1. d4 Nf6 2. c4 c5 3. d5 g6 4. Nc3 Bg7 5. e4 d6 6. Nf3 0-0 7. Be2 e6 8. 0-0 exd5 9. exd5 Re8 10. Bg5 Na6 11. a3 Nc7 12. Qd2 a6 13. Rfe1 Bg4 14. h3 Bxf3 15. Bxf3 Qd7 16. Rad1 b5 17. cxb5 Nxb5 18. Bxf6 Bxf6 19. Bg4 Qb7 20. Ne4 Be5 21. Bf3 Nd4 22. Qd3 Qxb2 23. Rb1 Qc2 24. Qe3 f5 25. Ng5 Bh2+ 0-1

[Event "Bordeaux"]
[Site "Bordeaux"]
[Date "2013.10.28"]
[Round "4"]
[White "Bordas, Laurent"]
[Black "Alard, Pierre"]
[Result "0-1"]
[WhiteElo "1556"]
[BlackElo "1793"]
[PlyCount "68"]
[EventDate "2013.10.26"]
[EventType "tourn"]
[EventRounds "9"]
[EventCountry "FRA"]
[SourceTitle "EXT 2015"]
[Source "ChessBase"]
[SourceDate "2014.11.20"]
[SourceVersion "1"]
[SourceVersionDate "2014.11.20"]
[SourceQuality "1"]

1. d4 Nf6 2. c4 g6 3. Nc3 Bg7 4. e4 d6 5. Nf3 0-0 6. Be2 e5 7. d5 Nbd7 8. 0-0 Nc5 9. Qc2 a5 10. Be3 Na6 11. a3 Bd7 12. Rac1 h6 13. b3 Ne8 14. Qd2 Kh7 15. Bd3 f5 16. exf5 gxf5 17. Ne1 e4 18. Bb1 Qh4 19. g3 Qh3 20. Ng2 Be5 21. Nf4 Bxf4 22. Bxf4 Nf6 23. f3 Nc5 24. Qb2 Rae8 25. fxe4 Ncxe4 26. Rce1 Rg8 27. Nxe4 Nxe4 28. Bxe4 fxe4 29. Re3 Bg4 30. Rfe1 Bf3 31. b4 axb4 32. axb4 h5 33. R3e2 h4 34. Qf6 hxg3 0-1

[Event "Bordeaux"]
[Site "Bordeaux"]
[Date "2013.10.28"]
[Round "3"]
[White "Maisonnet, Emmanuel"]
[Black "Bordas, Laurent"]
[Result "1-0"]
[WhiteElo "1694"]
[BlackElo "1556"]
[PlyCount "85"]
[EventDate "2013.10.26"]
[EventType "tourn"]
[EventRounds "9"]
[EventCountry "FRA"]
[SourceTitle "EXT 2015"]
[Source "ChessBase"]
[SourceDate "2014.11.20"]
[SourceVersion "1"]
[SourceVersionDate "2014.11.20"]
[SourceQuality "1"]

1. d4 d5 2. c4 c6 3. Nc3 e6 4. Nf3 Nf6 5. Bg5 Nbd7 6. Qc2 Bb4 7. a3 Qa5 8. Rc1 Be7 9. e3 h6 10. Bxf6 Nxf6 11. Bd3 0-0 12. 0-0 Bd7 13. e4 dxc4 14. Bxc4 Rac8 15. Rfe1 b5 16. Ba2 b4 17. axb4 Bxb4 18. Bb1 g6 19. Ne5 Kg7 20. Re3 Qb6 21. Nxg6 fxg6 22. e5 Be8 23. exf6+ Rxf6 24. Ne4 Rf8 25. Nc5 Bxc5 26. dxc5 Qd8 27. Rxe6 Qg5 28. Rce1 Bf7 29. Qc3+ Kh7 30. Re7 h5 31. Rxa7 Kh6 32. Ree7 Qd5 33. Qc1+ Kg7 34. Be4 Qd4 35. Qb1 Qf6 36. b4 Kh6 37. Qc1+ Kg7 38. h3 Rce8 39. Rxe8 Rxe8 40. Bf3 Rd8 41. Rc7 Qd4 42. Qe1 Re8 43. Qxe8 1-0

[Event "Ambes op 3rd"]
[Site "Ambes"]
[Date "2010.04.30"]
[Round "7"]
[White "Bordas, Laurent"]
[Black "Lagunes, Jean Renaud"]
[Result "0-1"]
[WhiteElo "1601"]
[BlackElo "2107"]
[PlyCount "70"]
[EventDate "2010.04.24"]
[EventType "swiss"]
[EventRounds "9"]
[EventCountry "FRA"]
[SourceTitle "EXT 2011"]
[Source "ChessBase"]
[SourceDate "2010.11.26"]
[SourceVersion "1"]
[SourceVersionDate "2010.11.26"]
[SourceQuality "1"]

1. d4 Nf6 2. c4 g6 3. Nc3 Bg7 4. e4 d6 5. Nf3 0-0 6. Be2 Nc6 7. 0-0 Bg4 8. Be3 a5 9. a4 Nd7 10. Qd2 Bxf3 11. Bxf3 e5 12. d5 Nd4 13. Qd1 Nc5 14. Ra3 Qe7 15. Nb5 Nxf3+ 16. Qxf3 Na6 17. Qe2 f5 18. exf5 gxf5 19. Bc1 Rf7 20. Rh3 f4 21. f3 Kh8 22. Re1 Qf6 23. Qd3 Bh6 24. Kh1 Rg8 25. Nc3 Nc5 26. Qc2 Rfg7 27. Rg1 Bg5 28. b3 Qg6 29. Ne4 Be7 30. g4 Nxe4 31. fxe4 Qe8 32. Qe2 Qd7 33. Rh6 Rxg4 34. Rxg4 Qxg4 35. Qf2 Qd1+ 0-1

[Event "Reunion op 09th"]
[Site "Reunion"]
[Date "2007.10.21"]
[Round "9"]
[White "Aboud, Tony"]
[Black "Bordas, Laurent"]
[Result "0-1"]
[WhiteElo "1801"]
[BlackElo "1548"]
[PlyCount "64"]
[EventDate "2007.10.14"]
[EventType "swiss"]
[EventRounds "9"]
[EventCountry "RUF"]
[SourceTitle "EXT 2012"]
[Source "ChessBase"]
[SourceDate "2011.11.24"]
[SourceVersion "1"]
[SourceVersionDate "2011.11.24"]
[SourceQuality "1"]

1. e4 c5 2. Nf3 d6 3. d4 cxd4 4. Nxd4 Nf6 5. Nc3 g6 6. Be2 Bg7 7. Be3 Nc6 8. 0-0 0-0 9. Rb1 Bd7 10. Qd2 Rc8 11. Rfd1 Ne5 12. Bh6 Nc4 13. Bxc4 Rxc4 14. Bxg7 Kxg7 15. Qd3 Qc7 16. Nd5 Nxd5 17. exd5 Rc8 18. c3 Qc5 19. Nb3 Qb6 20. Qe3 Qxe3 21. fxe3 b6 22. Kf2 f5 23. Nd2 R4c7 24. Nf3 h6 25. Rd4 Rc4 26. Rbd1 a5 27. R1d3 b5 28. Rxc4 Rxc4 29. Rd4 Rc5 30. Nd2 a4 31. Nf3 Bc8 32. Ne1 Bb7 0-1

[Event "Reunion op 09th"]
[Site "Reunion"]
[Date "2007.10.20"]
[Round "8"]
[White "Bordas, Laurent"]
[Black "Travers, Christophe"]
[Result "0-1"]
[WhiteElo "1548"]
[BlackElo "1914"]
[PlyCount "116"]
[EventDate "2007.10.14"]
[EventType "swiss"]
[EventRounds "9"]
[EventCountry "RUF"]
[SourceTitle "EXT 2012"]
[Source "ChessBase"]
[SourceDate "2011.11.24"]
[SourceVersion "1"]
[SourceVersionDate "2011.11.24"]
[SourceQuality "1"]

1. d4 d5 2. c4 e6 3. Nf3 Nf6 4. Nc3 Be7 5. Bf4 c6 6. e3 Nbd7 7. Bd3 dxc4 8. Bxc4 b5 9. Bd3 a6 10. h3 Bb7 11. 0-0 0-0 12. Rc1 Rc8 13. a3 c5 14. dxc5 Nxc5 15. Be2 Nd5 16. Nxd5 Bxd5 17. b4 Nd7 18. Nd4 Rxc1 19. Qxc1 e5 20. Bxe5 Nxe5 21. Nf5 Bf6 22. Rd1 Qa8 23. f3 Bc4 24. Kf2 Rd8 25. Nd6 Bh4+ 26. Kf1 Bxe2+ 27. Kxe2 Nc4 28. Nxc4 Rxd1 29. Qxd1 bxc4 30. Qd4 Bf6 31. Qxc4 g6 32. a4 Qb7 33. b5 axb5 34. axb5 Qb6 35. f4 Qb7 36. Kf2 Bd8 37. Kg3 Bb6 38. Kf2 Qc7 39. Qe4 Qc5 40. Qd3 Qf5 41. Qc4 Qb1 42. Qc8+ Kg7 43. Qc3+ f6 44. Qc6 Ba5 45. Qd7+ Kh6 46. Qc6 Qe1+ 47. Kf3 Bd2 48. Qe8 Qf1+ 49. Kg3 Be1+ 50. Kh2 Qf2 51. Qf8+ Kh5 52. Qc5+ f5 53. Qe7 h6 54. h4 Qxh4+ 55. Qxh4+ Kxh4 56. b6 Ba5 57. b7 Bc7 58. g3+ Kg4 0-1

[Event "Reunion op 09th"]
[Site "Reunion"]
[Date "2007.10.19"]
[Round "7"]
[White "Rei Rosa, Jean Jacques"]
[Black "Bordas, Laurent"]
[Result "0-1"]
[WhiteElo "1803"]
[BlackElo "1548"]
[PlyCount "76"]
[EventDate "2007.10.14"]
[EventType "swiss"]
[EventRounds "9"]
[EventCountry "RUF"]
[SourceTitle "EXT 2012"]
[Source "ChessBase"]
[SourceDate "2011.11.24"]
[SourceVersion "1"]
[SourceVersionDate "2011.11.24"]
[SourceQuality "1"]

1. d4 d5 2. Nf3 e6 3. Bf4 Nf6 4. c3 Be7 5. Nbd2 0-0 6. Qc2 Nbd7 7. e4 dxe4 8. Nxe4 Nxe4 9. Qxe4 Nf6 10. Qc2 b6 11. Ne5 Bb7 12. f3 Nd5 13. Bd2 c5 14. Qe4 Qc7 15. Qg4 cxd4 16. Qxd4 Rad8 17. Ng4 Nf6 18. Nxf6+ Bxf6 19. Qe3 h6 20. 0-0-0 Rxd2 21. Rxd2 Bg5 22. Qf2 Rd8 23. f4 Qxf4 24. Be2 Qxd2+ 25. Kb1 Qe3 26. Qf1 Rd2 27. Bh5 Qd3+ 28. Ka1 Qxf1+ 29. Rxf1 Bf6 30. Bd1 Rxg2 31. Re1 Rxh2 32. Bc2 h5 33. a3 h4 34. Re3 h3 35. Re1 Rf2 36. Rd1 h2 37. Rd7 h1Q+ 38. Ka2 Rxc2 0-1

[Event "Reunion op 09th"]
[Site "Reunion"]
[Date "2007.10.14"]
[Round "1"]
[White "Ranaivoharisoa, Alain"]
[Black "Bordas, Laurent"]
[Result "1-0"]
[WhiteElo "2079"]
[BlackElo "1548"]
[PlyCount "43"]
[EventDate "2007.10.14"]
[EventType "swiss"]
[EventRounds "9"]
[EventCountry "RUF"]
[SourceTitle "EXT 2012"]
[Source "ChessBase"]
[SourceDate "2011.11.24"]
[SourceVersion "1"]
[SourceVersionDate "2011.11.24"]
[SourceQuality "1"]

1. e4 c5 2. Nf3 e6 3. d4 cxd4 4. Nxd4 Nf6 5. Bd3 Nc6 6. c3 Be7 7. 0-0 0-0 8. Be3 d6 9. Nd2 Bd7 10. f4 Rc8 11. Qf3 a6 12. Rae1 b5 13. Nxc6 Bxc6 14. Bd4 Qd7 15. Qg3 Qb7 16. e5 dxe5 17. fxe5 Nd5 18. Ne4 Kh8 19. Nd6 Bxd6 20. exd6 Nf6 21. Rxf6 Rg8 22. Qh4 1-0